| 000 | 02769cam a22004454i 4500 | ||
|---|---|---|---|
| 003 | PE-LiUPU | ||
| 005 | 20250731165440.0 | ||
| 008 | 160623s2016 pe a grm 000 0 spa d | ||
| 035 | _a(Sirsi) a157481 | ||
| 040 |
_aPE-LiUPU _bspa _cPE-LiUPU _erda |
||
| 099 | _aTEF 2 S54 2016 | ||
| 100 | 1 |
_aSilva Ruiz, Bertha Yahaira, _eautor |
|
| 245 | 1 |
_aSíndrome de Burnout y estrategias de afrontamiento del estrés en los profesionales de enfermería de una clínica privada de Lima Metropolitana, 2015 / _cBertha Yahaira Silva Ruiz. |
|
| 264 | 0 | _c2015. | |
| 300 |
_a90 hojas : _bilustraciones; _c30 cm |
||
| 336 |
_atext _2rdacontent |
||
| 337 |
_aunmediated _2rdamedia |
||
| 338 |
_avolume _2rdacarrier |
||
| 502 |
_aTesis _b(Lic.) -- _cUniversidad Peruana Unión, _d2015. |
||
| 504 | _aIncluye bibliografía | ||
| 520 | 3 | _aEl objetivo del estudio fue determinar la relación entre las estrategias de afrontamiento de estrés y el síndrome de Burnout en los profesionales de enfermería en una clínica de Lima-Metropolitana, 2015. Estudio de diseño no experimental y de corte transversal. De tipo descriptivo y correlacional. Se utilizó el cuestionario de Maslach Burnout Inventory y el cuestionario de afrontamiento del estrés (CAE). Los resultados indican que no existe relación estadística significativa, entre el síndrome de Burnout y las estrategias de afrontamiento al estrés, según la prueba estadística Rho de Spearman (p>0.05). En cuanto a la dimensión agotamiento emocional, se encontró que existe relación significativa (p>0.05) con las estrategias de afrontamiento: focalizado en la solución del problema (rp=0.00, p>0.05); para auto focalización negativa (rp=0, p>=0.05); para expresión emocional abierta (rp=0.00, p>0.05), y búsqueda de apoyo social (rp=0.00, p>0.05). De igual manera para la dimensión realización personal, se encontró que existe relación significativa (p>0.05) con las estrategias de afrontamiento: focalizado en la solución del problema (rp=0.00, p>0.05), auto focalización negativa ((rp=0, p>0.05) y expresión emocional abierta (rp=0.04, p>0.05). Se encontró que no existe relación entre las variables, las variables son independientes en la realidad analizada. | |
| 526 | _aSEG44 | ||
| 526 | _aSEG26 | ||
| 526 | _aP151 | ||
| 526 | _aP150 | ||
| 526 | _aP149 | ||
| 526 | _aP146 | ||
| 526 | _aP145 | ||
| 526 | _aP126 | ||
| 526 | _aP125 | ||
| 526 | _aP92 | ||
| 526 | _aP75 | ||
| 526 | _aP74 | ||
| 526 | _aP27 | ||
| 526 | _aP15 | ||
| 650 | 0 | 4 |
_aEstrés laboral _xSíndrome de Burnout. |
| 596 | _a1 | ||
| 942 |
_2ddc _cTESIS |
||
| 999 |
_aTEF 2 S54 2016 _wALPHANUM _c10135 _iT02002 _lCCODEBUL3 _mBUL _r1 _sY _tTESIS _u2016-6-23 _PP22 _o.STAFF. Tesis _d10135 |
||
| 980 |
_81 _gALBERTO SANCHEZ Responsable de Automatización |
||